| 000 | 00892cam a2200229 4500 | ||
|---|---|---|---|
| 001 | J126863 | ||
| 008 | 020226n2003 000 0 eng u | ||
| 035 | _a(Sirsi) u126863 | ||
| 050 |
_a692.8 _c18 |
||
| 110 |
_aJoint Contracts Tribunal _93664 |
||
| 245 |
_aNamed sub-contract documentation 1998 edition. Amendment 5 and guidance note issued July 2003 _bConstruction Skills Certification Scheme |
||
| 260 |
_aLondon _bRIBA _c2003 |
||
| 300 |
_a4p. _c30cm. |
||
| 350 | _a1.20 | ||
| 490 |
_aJCT Named Sub-Contract Documentation 1998 Edition _vAmendment 5 |
||
| 650 | _aBUILT ENVIRONMENT-BUILDING CONTRACT FORMS | ||
| 650 | _aCONSTRUCTION SKILLS CERTIFICATION SCHEME | ||
| 650 | _aBUILT ENVIRONMENT-BUILDING CONTRACT FORMS-STANDARD FORMS OF BUILDING CONTRACT-JOINT CONTRACTS TRIBNUAL CONTRACTS | ||
| 650 | _aNAM/SC | ||
| 690 | _aBUILT ENVIRONMENT-BUILDING CONTRACT FORMS | ||
| 942 | _n0 | ||
| 999 |
_c103666 _d103666 |
||